LEADER 01236nam a2200277 u 4500 001 000000111151 003 CaOOAMICUS 005 20080414115558.0 008 080414s2008 it d u000 u ita u 020 $z978-88-6030-154-3* 040 $aPUL$bita$dMCT 100 1 $aMaffei, Cesare.$0(OLS)http://pul/name/68223 245 10$aBorderline :$bstruttura, categoria, dimensione /$cCesare Maffei. 260 $aMilano :$bRaffaello Cortina,$c2008. 300 $aXIII, 479 p. :$bgrafici ;$c23 cm. 490 1 $aCollana di psicologia clinica e psicoterapia ;$v199 504 $aInclude riferimenti bibliografici. 650 4$aPsicologia clinica.$0(OLS)http://pul/subject/3414 650 4$aPsicoterapia.$0(OLS)http://pul/subject/7249 830 0$aCollana di psicologia clinica e psicoterapia ;$v199.$0(OLS)http://pul/title/12189 850 $aPUL 852 $aPUL$W1$xSL Filosofia 1$y2$m97 S 199$j127431$qStampati$B126128$CPULBib$Z2$F126128 $H107006 $82 941 1 $a8 996 $6020$z978-88-6030-154-3*$9(OLS)http://pul/number/137691 996 $6245$aBorderline :$bstruttura, categoria, dimensione$9(OLS)http://pul/title/139746 996 $6260$aMilano :$bRaffaello Cortina$9(OLS)http://pul/publisher/63509 LEADER 01333cam a2200301 a 4500 001 000000121597 003 CaOOAMICUS 005 20100507092053.0 008 100507t2009 it ab u000 u ita r 020 $a978-88-06-19825-1 040 $aPUL$bita$dReb 041 1 $aita$hger 082 04$a109 100 1 $aHolenstein, Elmar.$0(OLS)http://pul/name/43076 240 10$aPhilosophie-Atlas. Orte und wege des denkens$lItaliano.$0(OLS)http://pul/title/152994 245 10$aAtlante di filosofia :$bluoghi e percorsi del pensiero /$cElmar Holenstein ; introduzione di Franco Farinelli. 260 $aTorino :$bEinaudi,$cİ2009. 300 $axix, 306 p. :$bill., c. geogr. ;$c28 cm 504 $aBibliografia p. [303]-306. 650 4$aFilosofia$vAtlanti.$0(OLS)http://pul/subject/36802 700 1 $aFarinelli, Franco.$0(OLS)http://pul/name/76174 850 $aPUL 852 $aPUL$W1$xSL Cons. Gen., Altre Classi 1$y1$m1391 A 15$j139550$qStampati$B138764$CPULBib$Z2$F138764 $H112760 $82 941 1 $a8 996 $6020$a978-88-06-19825-1$9(OLS)http://pul/number/144085 996 $6082$a109$9(OLS)http://pul/classification/436 996 $6245$aAtlante di filosofia :$bluoghi e percorsi del pensiero$9(OLS)http://pul/title/152993 996 $6260$aTorino :$bEinaudi$9(OLS)http://pul/publisher/48130